Paesi europei - uno minuti sprint - Statistics

Statistiche generali
  • Questo quiz è stato fatto 1.495 volte
  • Il punteggio medio è 25 su 45
Risposte nella Mappa
Le risposte nella mappa del quiz sottostante sono codificate secondo una scala di colori dal rosso al verde in base alla % di persone che hanno risposto correttamente.
 
Statistiche sulle risposte
nazione % Corretto
Italia
96%
Francia
91%
Spagna
91%
Portogallo
84%
Germania
83%
Svezia
79%
Irlanda
78%
Islanda
76%
Norvegia
76%
Regno Unito
75%
Russia
72%
Belgio
69%
Finlandia
67%
Svizzera
66%
Paesi Bassi
64%
Andorra
60%
Polonia
60%
Estonia
58%
San Marino
57%
Monaco
56%
Città del Vaticano
55%
Grecia
55%
Lettonia
55%
Danimarca
54%
Austria
53%
Lituania
53%
Ucraina
53%
Malta
51%
Romania
50%
Albania
43%
Lussemburgo
43%
Slovenia
42%
Bielorussia
40%
Serbia
40%
Bulgaria
39%
Croazia
38%
Slovacchia
35%
Repubblica Ceca
34%
Liechtenstein
32%
Ungheria
32%
Kosovo
31%
Moldavia
31%
Bosnia ed Erzegovina
30%
Macedonia
26%
Montenegro
25%
Nessun quiz corrispondente trovato
Distribuzione punteggi
Percentuale di utenti per punteggio
Percentile per numero di risposta
I tuoi punteggi nel tempo
Non hai fatto questo quiz